LEADER 00956nam a2200193 i 4500 001 000000048741 003 CaOOAMICUS 005 20121120000000.0 008 121120s1726 xx u000 u fre u 013 $a19911 026 $aites e-r& a-i- ouda (3) 1726 (R) 040 $aSeMil$bita 245 10$aTome 1. Part 1. 300 $aXXVIII, 423, [5] p. 500 $aSegn. : A-B6 C2 A-R12 S8 (chi)2. 773 0 $aLe Courayer, Pierre-François <1681-1776>$tDéfense de la dissertation sur la validité des ordinations des anglois. Contre les differentes réponses qui y ont été faites. Avec les preuves justificatives des faits avancez dans cet ouvrage. Par l'Auteur de la dissertation. Tome 1. [-2.].$dA Bruxelles : Chez Simon T'Serstevens : près les RR. PP. Dominicains, 1726.$g1$w()27675 850 $aSeMil 852 $aSeMil$W1$xVenegono$y1$m2E II 117 FA$j14896$B14896$CSeMilBibl$Z2$F14896 $8I 996 $6245$aTome 1. Part 1$9(OLS)http://semarc/title/73802 LEADER 01170nam a2200277 i 4500 001 000000091995 003 CaOOAMICUS 005 20131114000000.0 008 131114s1996 it u000 u ita u 013 $a64237 020 $a88-08-09386-7 040 $aSeMil$bita 100 1 $aArgyle, Michael.$0(OLS)http://semarc/name/40981 240 14$aThe social psychology of everyday life.$0(OLS)http://semarc/title/138151 245 10$aPsicologia sociale della vita quotidiana /$cMichael Argyle. 260 $aBologna :$bZanichelli,$c1996. 300 $aXII, 385 p. ;$c24 cm. 650 4$aPsicologia sociale.$0(OLS)http://semarc/subject/627 650 4$aSociologia del quotidiano.$0(OLS)http://semarc/subject/16711 650 4$aVita sociale - Psicologia.$0(OLS)http://semarc/subject/16712 850 $aSeMil 852 $aSeMil$W1$xVenegono$y1$m2O V 71$j54928$B54928$CSeMilBibl$Z2$F59596 $81 961 $aOmaggio: Bressan don Luca 996 $6020$a88-08-09386-7$9(OLS)http://semarc/number/72187 996 $6245$aPsicologia sociale della vita quotidiana$9(OLS)http://semarc/title/138150 996 $6260$aBologna :$bZanichelli$9(OLS)http://semarc/publisher/29934